[Event "ch-Vienna State 2013"]
[Site "Vienna AUT"]
[Date "2013.09.14"]
[Round "8.3"]
[White "Ganaus,H"]
[Black "Kilgus,G"]
[Result "0-1"]
[WhiteElo "2280"]
[BlackElo "2416"]

1.d4 Nf6 2.c4 g6 3.Nc3 d5 4.cxd5 Nxd5 5.e4 Nxc3 6.bxc3 Bg7 7.Nf3 c5 8.Rb1 O-O
9.Be2 Qc7 10.O-O b6 11.Bg5 Bb7 12.Qd3 h6 13.Bh4 cxd4 14.cxd4 Ba6 15.Qe3 Bxe2
16.Qxe2 Rc8 17.Bg3 Qc6 18.Ne5 Bxe5 19.Bxe5 Nd7 20.Bf4 Qc2 21.Rb2 Qxe2 22.Rxe2 Kg7
23.g4 Rc4 24.Rd1 b5 25.h4 b4 26.g5 a5 27.d5 Nc5 28.Be5+ f6 29.Bd4 Kf7 30.e5 fxe5
31.Rxe5 hxg5 32.Rxg5 Ne4 33.Re5 Nc3 34.Rd3 Nb5 35.Rf3+ Ke8 36.Be3 a4 37.Bg5 Ra7
38.Rfe3 Rcc7 39.Re6 Nd4 40.Rb6 Rcb7 41.Bf6 Nf3+ 42.Rxf3 Rxb6 43.Bd4 Rab7
44.Bxb6 Rxb6 45.Re3 b3 46.axb3 axb3  0-1

[Event "FSIM Sept 2013"]
[Site "Budapest HUN"]
[Date "2013.09.15"]
[Round "9.2"]
[White "Dokuchaev,A"]
[Black "Pribyl,Jo"]
[Result "0-1"]
[WhiteElo "2239"]
[BlackElo "2314"]

1.d4 Nf6 2.c4 g6 3.Nc3 d5 4.cxd5 Nxd5 5.e4 Nxc3 6.bxc3 Bg7 7.Bb5+ c6 8.Ba4 O-O
9.Be3 e5 10.Ne2 Qe7 11.Bc2 Rd8 12.Rb1 Be6 13.a4 Bc4 14.Bd3 Bxd3 15.Qxd3 Na6
16.f3 Qa3 17.Qc4 Rd7 18.Kf2 Qe7 19.Rhd1 Rad8 20.Rd2 Nb8 21.Rbd1 b6 22.d5 Qh4+
23.Ng3 Bh6 24.Bxh6 Qxh6 25.Nf1 Kg7 26.Kg1 Qf4 27.Rd3 Rc8 28.Ne3 h5 29.Qa2 Na6
30.c4 Nb4 31.Qb2 Nxd3 32.Rxd3 Qf6 33.a5 bxa5 34.c5 Rdd8 35.d6 Rb8 36.Qc3 Rb1+
37.Kf2 Rdb8 38.Nc4 R8b3 39.Qxb3 Qh4+ 40.g3 Qxh2+  0-1

[Event "TCh-CRO Ia Liga 2013"]
[Site "Bol CRO"]
[Date "2013.09.16"]
[Round "3.3"]
[White "Jankovic,A"]
[Black "Mrdja,M"]
[Result "1/2-1/2"]
[WhiteElo "2562"]
[BlackElo "2370"]

1.d4 Nf6 2.c4 g6 3.Nc3 d5 4.cxd5 Nxd5 5.e4 Nxc3 6.bxc3 Bg7 7.Nf3 c5 8.Rb1 O-O
9.Be2 b6 10.O-O cxd4 11.cxd4 Qd7 12.d5 Ba6 13.Bb2 e6 14.Bxg7 Kxg7 15.Rc1 exd5
16.exd5 Rd8 17.Ne5 Qd6 18.Ng4 Bxe2 19.Qxe2 h5 20.Qb2+ f6 21.Ne3 Nd7 22.Rc6 Qe5
23.Qb5 Nc5 24.a4 Rac8 25.a5 Rxc6 26.Qxc6 Rd6 27.Qa8 Rd7 28.axb6 axb6 29.Qc6 Qb8
30.Rb1 Rb7 31.d6 Nd7 32.f4 Ra7 33.Nd5 Qa8 34.Qxa8 Rxa8 35.Re1 Kf8 36.Nc7 Rb8
37.Re7 Nc5 38.Rh7 Kg8 39.Re7 Rd8 40.Nb5 Kf8 41.Rh7 Kg8 42.Rc7 Ne6 43.Re7 Nc5  1/2-1/2

[Event "TCh-CRO 2a Liga 2013"]
[Site "Bol CRO"]
[Date "2013.09.18"]
[Round "5.4"]
[White "Franic,M"]
[Black "Rade,M"]
[Result "1/2-1/2"]
[WhiteElo "2404"]
[BlackElo "2440"]

1.d4 Nf6 2.c4 g6 3.Nc3 d5 4.cxd5 Nxd5 5.e4 Nxc3 6.bxc3 Bg7 7.Nf3 c5 8.Bb5+ Nc6
9.O-O O-O 10.Be3 Bg4 11.dxc5 Bxc3 12.Rc1 Bg7 13.Bxc6 bxc6 14.Qa4 Bxf3 15.gxf3 Qc7
16.Rb1 Be5 17.h3 Bf4 18.Bd4 Rfd8 19.Rfd1 Rd7 20.Bc3 Be3 21.Kg2 Bxc5 22.Ba5 Qc8
23.Rxd7 Qxd7 24.Rc1 Qd6 25.Qc4 Ba3 26.Qxc6 Rb8 27.Qxd6 Bxd6 28.Rc4 f6 29.Bc3 Kf7
30.Ra4 Bc5 31.Bd4  1/2-1/2

[Event "TCh-CRO Ia Liga 2013"]
[Site "Bol CRO"]
[Date "2013.09.19"]
[Round "6.1"]
[White "Hracek,Z"]
[Black "Lalic,B"]
[Result "1-0"]
[WhiteElo "2635"]
[BlackElo "2476"]

1.d4 Nf6 2.c4 g6 3.Nc3 d5 4.cxd5 Nxd5 5.e4 Nxc3 6.bxc3 Bg7 7.Be3 c5 8.Qd2 Qa5
9.Rc1 cxd4 10.cxd4 Qxd2+ 11.Bxd2 O-O 12.Nf3 Bg4 13.Be3 Bxf3 14.gxf3 Nc6 15.d5 Nd4
16.Bh3 f5 17.Kf1 Nxf3 18.exf5 gxf5 19.Rc7 Rad8 20.Rxe7 Rxd5 21.Bg2 Rd1+ 22.Ke2 Rxh1
23.Bxh1 Nd4+ 24.Kd3 Nb5 25.Bd5+ Kh8 26.Rxb7 a6 27.Rd7 Bf6 28.Be6 Nc3 29.Bxf5 Nxa2
30.Rxh7+ Kg8 31.Ra7 Nb4+ 32.Kc4 Nc6 33.Rxa6 Ne5+ 34.Kd5 Bg7 35.Ke4 Kh8 36.h4 Nc4
37.Bg5 Re8+ 38.Re6 Nd6+ 39.Kd5 Rxe6 40.Kxe6 Nxf5 41.Kxf5 Kh7 42.f4 Bc3 43.Ke6 Kg6
44.f5+ Kh5 45.f6 Bb4 46.Kf7  1-0

[Event "TCh-FIN SM 2013-14"]
[Site "Porvoo FIN"]
[Date "2013.09.21"]
[Round "1.8"]
[White "Nyback,J"]
[Black "Ponnio,Toni"]
[Result "1-0"]
[WhiteElo "2146"]
[BlackElo "2008"]

1.d4 Nf6 2.c4 g6 3.Nc3 d5 4.cxd5 Nxd5 5.e4 Nxc3 6.bxc3 Bg7 7.Bb5+ c6 8.Ba4 O-O
9.Ne2 c5 10.O-O cxd4 11.cxd4 Nc6 12.Be3 Qa5 13.Rb1 Rd8 14.h3 Qa6 15.d5 Ne5
16.Bc5 Bd7 17.Bb3 Bb5 18.Re1 Nd3 19.a4 Bc4 20.Bxe7 Rd7 21.d6 Nxe1 22.Nf4 Bf8
23.Nd5 Rxd6 24.Bxd6 Bxb3 25.Qxb3 Bxd6 26.Nf6+ Kg7 27.Qc3 Bh2+ 28.Kxh2 Qxf6
29.Qxe1 Qe5+ 30.Kh1 b6 31.a5 bxa5 32.Ra1 Re8 33.f3 Rb8 34.Rxa5 Rb1 35.Rxe5 Rxe1+
36.Kh2 Ra1 37.g4 a5 38.Kg3 a4 39.Ra5 Rg1+ 40.Kf2 Rh1 41.Rxa4 Rxh3 42.Kg2 Rh4
43.Ra1 g5 44.Ra5 f6 45.e5 fxe5 46.Rxe5 Kf6 47.Ra5 h5 48.Ra6+ Kg7 49.Kg3 Rh1
50.gxh5 Rxh5 51.Kg4 Rh6 52.Ra5 Kf6 53.Rf5+ Ke6 54.Rxg5 Rh1 55.Rg6+ Kf7 56.Ra6 Rg1+
57.Kf5 Rb1 58.Ra7+ Kf8 59.f4 Rb5+ 60.Kf6 Rb6+ 61.Kg5 Rb1 62.f5 Rb6 63.Rh7 Kg8
64.Rh1 Kf7 65.Re1 Rb2 66.Rg1 Rb8 67.Ra1 Rb6 68.Ra7+ Kf8 69.Rc7 Ra6 70.Kf4 Ra5
71.Rc6 Kf7 72.Kg5 Ra7 73.Rh6 Kg7 74.f6+ Kg8 75.Kg6 Ra6 76.Rh1 Ra2 77.f7+  1-0

[Event "e2e4 Bedford Open 2013"]
[Site "Bedford ENG"]
[Date "2013.09.22"]
[Round "5"]
[White "Wells,P"]
[Black "Sowray,P"]
[Result "1-0"]
[WhiteElo "2485"]
[BlackElo "2341"]

1.d4 Nf6 2.c4 g6 3.Nc3 d5 4.cxd5 Nxd5 5.e4 Nxc3 6.bxc3 Bg7 7.Nf3 c5 8.Rb1 O-O
9.Be2 b6 10.O-O Qc7 11.Bg5 Nc6 12.d5 Ne5 13.Nd2 c4 14.Kh1 f5 15.f4 Nf7 16.Bxc4 fxe4
17.d6 Qxd6 18.Nxe4 Qxd1 19.Rbxd1 Bb7 20.Ng3 Rac8 21.Bb3 Bf6 22.Bxf6 exf6
23.f5 Ba6 24.fxg6 hxg6 25.Rxf6 Kg7 26.Rf4 Rxc3 27.Ra4 Bd3 28.Rxa7 Bc4 29.Bxc4 Rxc4
30.h3 Rfc8 31.Rd6 R8c6 32.Ne4 Kf8 33.Rdd7 Rxe4 34.Rxf7+ Kg8 35.Rg7+ Kh8 36.Rh7+ Kg8
37.Rhg7+ Kh8 38.Rgb7 Re8 39.Ra6 g5 40.Rbxb6 Re1+ 41.Kh2 Rxb6 42.Rxb6 Kg7
43.Kg3 Re2 44.a4 Ra2 45.Ra6 Kh7 46.Kf3 Kg7 47.g3 Ra3+ 48.Kg4 Kf7 49.Ra5 Kf6
50.Rf5+  1-0

[Event "TCh-FIN SM 2013-14"]
[Site "Jyvaskyla FIN"]
[Date "2013.09.22"]
[Round "2.3"]
[White "Luukkonen,T"]
[Black "Rantanen,Y"]
[Result "1-0"]
[WhiteElo "2291"]
[BlackElo "2331"]

1.d4 Nf6 2.c4 g6 3.Nc3 d5 4.cxd5 Nxd5 5.e4 Nxc3 6.bxc3 Bg7 7.Bc4 O-O 8.Ne2 c5
9.O-O Nc6 10.Be3 b6 11.Qd2 e6 12.Bg5 Qc7 13.Rac1 Bb7 14.h4 Na5 15.Bd3 Qc8
16.h5 Ba6 17.e5 Bxd3 18.Qxd3 Qd7 19.Rfd1 Rfc8 20.Qf3 cxd4 21.Rxd4 Qb7 22.Qf4 Nc6
23.Bf6 Nxd4 24.Nxd4 Bf8 25.hxg6 fxg6 26.Nxe6 Qd5 27.Nxf8 Rxf8 28.Qg4 Rae8
29.Rd1 Qe6 30.Qd4 Rc8 31.Rd3 Qxa2 32.Qd7 Qf7 33.Qh3 Rc7 34.f4 Rfc8 35.f5 Kf8
36.fxg6 hxg6 37.Rf3 Ke8 38.e6 Qg8 39.e7 Rc6 40.Bg5 Qe6 41.Qh8+ Kd7 42.Qd8+  1-0

[Event "TCh-FIN SM 2013-14"]
[Site "Jyvaskyla FIN"]
[Date "2013.09.22"]
[Round "2.8"]
[White "Nieminen,S"]
[Black "Hartio,I"]
[Result "1/2-1/2"]
[WhiteElo "2094"]
[BlackElo "2062"]

1.d4 Nf6 2.c4 g6 3.Nc3 d5 4.cxd5 Nxd5 5.e4 Nxc3 6.bxc3 Bg7 7.Nf3 c5 8.Rb1 O-O
9.Be2 cxd4 10.cxd4 Qa5+ 11.Bd2 Qxa2 12.O-O Qe6 13.Qc2 Qd6 14.Rfc1 Nc6 15.d5 Nd4
16.Nxd4 Bxd4 17.Qd3 Qf6 18.Be3 Bxe3 19.Qxe3 e5 20.Ra1 a6 21.Rcb1 Rd8 22.Qc5 Rd6
23.Qc7 Qd8 24.Qxd8+ Rxd8 25.Rb6 Kf8 26.d6 Be6 27.Rxb7 Rxd6 28.Ra5 Rc8 29.Rb1  1/2-1/2

[Event "TCh-Moscow GpA 2013"]
[Site "Moscow RUS"]
[Date "2013.09.22"]
[Round "3.1"]
[White "Yeletsky,Ivan"]
[Black "Mozharov,M"]
[Result "0-1"]
[WhiteElo "2156"]
[BlackElo "2508"]

1.d4 Nf6 2.c4 g6 3.Nc3 d5 4.cxd5 Nxd5 5.e4 Nxc3 6.bxc3 Bg7 7.Bc4 c5 8.Ne2 O-O
9.O-O Nc6 10.Be3 Qc7 11.Rc1 Rd8 12.Qd2 Ne5 13.Bd5 e6 14.Bb3 Ng4 15.Bf4 e5
16.Bg5 exd4 17.Ng3 Rd7 18.cxd4 Rxd4 19.Qc2 b6 20.h3 Ne5 21.Ne2 Rd7 22.Ba4 Nc6
23.Bf4 Qb7 24.Rb1 Nd4 25.Nxd4 Rxd4 26.Rfd1 Be6 27.Rxd4 Bxd4 28.Rd1 b5 29.Bb3 Re8
30.Bd6 Bxb3 31.axb3 Qxe4  0-1

[Event "63rd TCh-BUL GpB 2013"]
[Site "Sunny Beach BUL"]
[Date "2013.09.22"]
[Round "6.5"]
[White "Andreev,St"]
[Black "Genov,Petk"]
[Result "1/2-1/2"]
[WhiteElo "2142"]
[BlackElo "2311"]

1.d4 Nf6 2.c4 g6 3.Nc3 d5 4.cxd5 Nxd5 5.e4 Nxc3 6.bxc3 Bg7 7.Bc4 O-O 8.Ne2 Nc6
9.O-O e5 10.d5 Na5 11.Bd3 c5 12.Rb1 b6 13.f4 exf4 14.Bxf4 Qe7 15.Qd2 Be5
16.Bxe5 Qxe5 17.Qf4 f6 18.Qxe5 fxe5 19.Rxf8+ Kxf8 20.Kf2 Bd7 21.Ng1 Ke7 22.Ke3 Rf8
23.Nf3 Kd6 24.h3 h6 25.Nd2 Kc7 26.Bb5 Bc8 27.Be2 Kd6 28.h4 Bd7 29.g3 Rf6
30.Nb3 Nxb3 31.axb3  1/2-1/2

[Event "Baku Open 2013"]
[Site "Baku AZE"]
[Date "2013.09.23"]
[Round "5.11"]
[White "Goganov,A"]
[Black "Sutovsky,E"]
[Result "1/2-1/2"]
[WhiteElo "2577"]
[BlackElo "2660"]

1.d4 Nf6 2.c4 g6 3.Nc3 d5 4.cxd5 Nxd5 5.e4 Nxc3 6.bxc3 Bg7 7.Be3 c5 8.Rc1 Qa5
9.Qd2 cxd4 10.cxd4 Qxd2+ 11.Bxd2 Nc6 12.d5 Nd4 13.Ne2 f5 14.Nxd4 Bxd4 15.Bb5+ Bd7
16.Bxd7+ Kxd7 17.Rc4 Bf6 18.exf5 gxf5 19.Ke2 Rac8 20.Rhc1 Rxc4 21.Rxc4 Kd6
22.Rf4 Ke5 23.g3 Rc8 24.Kd3 Bg5 25.Rb4 Bxd2 26.Kxd2 Rc7 27.Rh4 Kxd5 28.Rxh7 b5
29.h4 b4 30.h5 Ke6 31.Rg7 Kf6 32.Rg6+ Kf7 33.Ra6 e6 34.Ra4 Rb7 35.Kc2 Kf6
36.Kb3 Kg5 37.Ra6 e5 38.h6 e4 39.Kc4 Rh7 40.Kxb4  1/2-1/2

[Event "Pankrac Cup 2013"]
[Site "Prague CZE"]
[Date "2013.09.24"]
[Round "3"]
[White "Vanek,T"]
[Black "Konopka,M"]
[Result "1/2-1/2"]
[WhiteElo "2229"]
[BlackElo "2416"]

1.d4 Nf6 2.c4 g6 3.Nc3 d5 4.cxd5 Nxd5 5.e4 Nxc3 6.bxc3 Bg7 7.Bc4 c5 8.Ne2 Nc6
9.Be3 O-O 10.Rc1 cxd4 11.cxd4 Qa5+ 12.Kf1 Bd7 13.h4 Rfc8 14.h5 Nd8 15.hxg6 hxg6
16.f3 Qb4 17.Bd2 Qa3 18.Rc3 Qb2 19.Rc2 Ba4 20.Rxb2 Bxd1 21.Bd5 e6 22.Bxb7 Rab8
23.Nc3 Bxd4 24.Nxd1 Rxb7 25.Rxb7 Nxb7 26.Ne3 Nd6 27.Ke2 Bxe3 28.Bxe3 Rc2+
29.Kd3 Rxa2 30.Bd4 f5 31.Rh8+ Kf7 32.Rh7+ Ke8 33.Rxa7 fxe4+ 34.fxe4 Rxg2
35.Ra8+ Kd7 36.Ra7+ Kc6 37.Ra6+ Kd7 38.Ra7+ Kd8 39.Bf6+ Kc8 40.Re7 Rg3+ 41.Kd4 Rg4
42.Rxe6 Rxe4+  1/2-1/2

[Event "XVII Mercosur Cup 2013"]
[Site "Villa Martelli ARG"]
[Date "2013.09.24"]
[Round "9.3"]
[White "Valerga,D"]
[Black "Barbosa,Ev"]
[Result "1/2-1/2"]
[WhiteElo "2490"]
[BlackElo "2454"]

1.d4 Nf6 2.c4 g6 3.Nc3 d5 4.cxd5 Nxd5 5.e4 Nxc3 6.bxc3 Bg7 7.Nf3 c5 8.Be3 Qa5
9.Qd2 O-O 10.Rc1 Nd7 11.d5 f5 12.exf5 Rxf5 13.c4 Qa3  1/2-1/2

[Event "UKR-POL Academic Teams"]
[Site "Lviv UKR"]
[Date "2013.09.26"]
[Round "2"]
[White "Goroshkova,L"]
[Black "Przezdziecka,E"]
[Result "1/2-1/2"]
[WhiteElo "1991"]
[BlackElo "2148"]

1.d4 g6 2.c4 Nf6 3.Nc3 d5 4.cxd5 Nxd5 5.e4 Nxc3 6.bxc3 Bg7 7.Be3 O-O 8.Bc4 c5
9.Ne2 Qc7 10.Bb3 Nd7 11.O-O b6 12.Bf4 e5 13.Bg3 Bb7 14.d5 c4 15.Bc2 f5 16.f3 f4
17.Bf2 g5 18.a4 Rf6 19.a5 b5 20.g4 Ra6 21.Qb1 Rxa5 22.Qb4 Rxa1 23.Rxa1 a6
24.Qe7 Bf6 25.Qe6+ Kg7 26.d6 Qd8 27.Nd4 exd4 28.cxd4 Nf8 29.Qf5 Qxd6 30.e5 Qe6
31.exf6+ Qxf6 32.Qc5 Nd7 33.Qc7 Qc6 34.Qxc6 Bxc6 35.Bf5 Nf8 36.d5 Bxd5 37.Rd1 Be6
38.Be4 Rb8 39.Bd4+ Kf7 40.Be5 Re8 41.Bc6 Re7 42.Bd6 Ra7 43.Bb8 Rd7 44.Bxd7 Nxd7
45.Bd6 Nb6 46.Ra1 Na4 47.Bb4 Bd5 48.Kf2 Nb2 49.Ke2 Bb7 50.h4 h6 51.hxg5 hxg5
52.Rh1 Nd3 53.Rh7+ Kg6 54.Rxb7 Nxb4 55.Kd2 Kf6 56.Kc3 Nd5+ 57.Kd4 Ke6 58.Rg7 Kf6
59.Ra7 Nb4 60.Kc3 Nd5+ 61.Kd4 Nb4 62.Kc3 Nd5+ 63.Kd4 Nb4  1/2-1/2

[Event "Baku Open 2013"]
[Site "Baku AZE"]
[Date "2013.09.27"]
[Round "9.28"]
[White "Kanter,E"]
[Black "Aghayev,M"]
[Result "1-0"]
[WhiteElo "2417"]
[BlackElo "2309"]

1.d4 Nf6 2.c4 g6 3.Nc3 d5 4.cxd5 Nxd5 5.e4 Nxc3 6.bxc3 Bg7 7.Nf3 c5 8.Be3 Qa5
9.Nd2 O-O 10.Be2 Qc7 11.O-O b6 12.Rc1 Bb7 13.Qb3 cxd4 14.cxd4 Qd8 15.d5 Nd7
16.Nc4 Nf6 17.Bf3 Qd7 18.Ne5 Qd6 19.Nc6 Nd7 20.Rfd1 Rfe8 21.Be2 Nb8 22.g3 Bxc6
23.dxc6 Qc7 24.Bc4 e5 25.Qa4 Qe7 26.c7 Qxc7 27.Bd5  1-0

[Event "39th National ch-BAN"]
[Site "Dhaka BAN"]
[Date "2013.09.28"]
[Round "7.2"]
[White "Md.,Jamal Uddin"]
[Black "Mohammad,J"]
[Result "1/2-1/2"]
[WhiteElo "2079"]
[BlackElo "2197"]

1.d4 Nf6 2.c4 g6 3.Nc3 d5 4.cxd5 Nxd5 5.e4 Nxc3 6.bxc3 Bg7 7.Bc4 c5 8.Ne2 O-O
9.O-O Nc6 10.Be3 cxd4 11.cxd4 Bg4 12.f3 Na5 13.Bd5 Bd7 14.Rb1 Rc8 15.Bxb7 Rc7
16.Ba6 Nc4 17.Bf4 e5 18.dxe5 Nxe5 19.Nd4 Qe7 20.Kh1 Qf6 21.Bxe5 Qxe5 22.Nb3 Be6
23.Qe2 Bh6 24.Rfd1 Qh5 25.g3 Bg7 26.Rbc1 Be5 27.Kg1 Rb8 28.Rxc7 Bxc7 29.Rc1 Bb6+
30.Kh1 Rd8 31.Bc4 Bxc4 32.Rxc4 Qg5 33.Rc2 Qe5 34.Kg2 Qe7 35.f4 Re8 36.Nd2 Qb7
37.Qf3 Rd8 38.e5 Qd7 39.Ne4 Qa4 40.Nf6+ Kg7 41.Qc3 Bd4 42.Qc6 Qxc6+ 43.Rxc6 Bb6
44.Ne4 Rd4 45.Kf3 Rd3+ 46.Kg2 Rd4 47.Nf6 Rd8 48.g4 h6 49.Kf3 Rd3+ 50.Ke2 Rd8
51.h4 Rd4 52.Rc8 Rd8 53.Rxd8 Bxd8 54.g5 hxg5 55.fxg5 Bb6 56.Kf3 Bd4 57.Kf4 Bf2
58.Kg4 Bd4 59.Nd7 Bf2 60.a4 Bd4 61.a5 a6 62.h5 gxh5+ 63.Kxh5 Bc3 64.Nc5 Bxe5
65.Nxa6 Bc3 66.Nc5 Bxa5 67.Ne4 Bd8 68.Nd6  1/2-1/2

[Event "TCh-Moscow GpA 2013"]
[Site "Moscow RUS"]
[Date "2013.09.28"]
[Round "5.2"]
[White "Drozdova,D"]
[Black "Mozharov,M"]
[Result "0-1"]
[WhiteElo "2291"]
[BlackElo "2508"]

1.d4 Nf6 2.c4 g6 3.Nc3 d5 4.cxd5 Nxd5 5.e4 Nxc3 6.bxc3 Bg7 7.Bb5+ c6 8.Ba4 O-O
9.Ne2 Nd7 10.O-O a5 11.Be3 Nb6 12.Bb3 a4 13.Bc2 Nc4 14.Qc1 Ra5 15.Bh6 b6
16.Bxg7 Kxg7 17.f4 e6 18.Bd3 Ba6 19.f5 exf5 20.exf5 Nd6 21.Bxa6 Rxa6 22.Ng3 f6
23.Qf4 Ra5 24.fxg6 hxg6 25.Rae1 Qd7 26.Re2 Rd5 27.Rfe1 Rf7 28.Re6 c5 29.Qf3 Nc4
30.Qe2 Ne5 31.Rxb6 cxd4 32.cxd4 Rxd4 33.Nf1 Nd3 34.Reb1 Re7 35.Qc2 Rf4 36.Qc3 Qd5
37.R6b5 Qe4 38.Rd1 Rf2 39.Ne3 Qxe3 40.Qxd3 Qe2 41.Qxe2 Rexe2 42.g4 Rg2+ 43.Kf1 Ref2+
44.Ke1 Re2+ 45.Kf1 Ref2+ 46.Ke1 Rxa2  0-1

[Event "4th Biella Open A 2013"]
[Site "Biella ITA"]
[Date "2013.09.29"]
[Round "5.20"]
[White "Llupa,O"]
[Black "Guidi,Mau"]
[Result "1-0"]
[WhiteElo "1920"]
[BlackElo "2041"]

1.d4 Nf6 2.c4 g6 3.Nc3 d5 4.cxd5 Nxd5 5.e4 Nxc3 6.bxc3 Bg7 7.Bg5 O-O 8.Rc1 c5
9.d5 Re8 10.Qd2 Qa5 11.Be2 Nd7 12.h4 Qa4 13.Bd3 Ne5 14.h5 Nxd3+ 15.Qxd3 b5
16.hxg6 fxg6 17.Qd2 Qxe4+ 18.Ne2 Bb7 19.Be3 Qxd5 20.c4 Qxd2+ 21.Kxd2 bxc4
22.f3 Red8+ 23.Kc2 Bc8 24.Ng3 Bd7 25.Kd2 Rab8 26.Bxc5 Bb5+ 27.Ke3 Rd3+ 28.Ke2 c3
29.Ne4 Rd2+ 30.Ke3 Re2+ 31.Kf4 Rf8+ 32.Kg3 Be5+ 33.Kh4 Rf4+ 34.g4 Rxf3 35.Rce1 Rxe1
36.Rxe1 c2 37.Bxe7 Bc6 38.Nd2 Bg3+  1-0

[Event "4th Biella Open A 2013"]
[Site "Biella ITA"]
[Date "2013.09.29"]
[Round "5.3"]
[White "Salvador,R"]
[Black "Kantans,T"]
[Result "0-1"]
[WhiteElo "2461"]
[BlackElo "2346"]

1.d4 Nf6 2.c4 g6 3.Nc3 d5 4.cxd5 Nxd5 5.e4 Nxc3 6.bxc3 Bg7 7.Qa4+ Nd7 8.Nf3 O-O
9.Be2 c5 10.O-O Nb6 11.Qa3 cxd4 12.cxd4 Bg4 13.Bg5 Re8 14.Rad1 Qd6 15.Qe3 Rac8
16.h3 Bxf3 17.e5 Qd7 18.Bxf3 Nd5 19.Qa3 e6 20.Rc1 Bf8 21.Qb3 b5 22.Be2 b4
23.Ba6 Rc3 24.Qb2 Ra3 25.Qe2 Rb8 26.Bc4 Nc3 27.Qg4 h5 28.Qf4 Rc8 29.Rxc3 Rxc3
30.Bb3 Rd3 31.Rd1 Rxd1+ 32.Bxd1 Rc4 33.Qg3 Qxd4 34.Bxh5 Bg7  0-1

[Event "Grand Open Blagoevgrad 2013"]
[Site "Blagoevgrad BUL"]
[Date "2013.09.29"]
[Round "3.13"]
[White "Tetimov,I"]
[Black "Vujacic,Bo"]
[Result "0-1"]
[WhiteElo "2066"]
[BlackElo "2294"]

1.d4 Nf6 2.c4 g6 3.Nc3 d5 4.cxd5 Nxd5 5.e4 Nxc3 6.bxc3 Bg7 7.Be3 c5 8.Rc1 Qa5
9.Qd2 O-O 10.Nf3 Rd8 11.d5 e6 12.c4 Qxd2+ 13.Nxd2 b6 14.Be2 Na6 15.O-O Nc7
16.g4 Ba6 17.Rfe1 exd5 18.exd5 Ne8 19.Ne4 Be5 20.Bf3 f6 21.Bd2 Nd6 22.Nxd6 Rxd6
23.Rc2 Kf7 24.a4 Re8 25.a5 Re7 26.Kg2 Rd8 27.Be4 Rde8 28.Bd3 Bb7 29.axb6 axb6
30.Rb1 Bc7 31.Be3 Bc8 32.h3 Rxe3 33.fxe3 Rxe3 34.Bf1 f5 35.Kf2 Ra3 36.Bg2 fxg4
37.hxg4 Bxg4 38.d6 Bxd6 39.Bd5+ Kg7 40.Rxb6 Bg3+ 41.Kg2 Bh3+ 42.Kxh3 Bc7+
43.Kg2 Bxb6 44.Rb2 Bd8 45.Rb7+ Kh6 46.Bg8 Bf6 47.Rxh7+ Kg5 48.Rh3 Ra2+ 49.Kf3 Kf5
50.Bd5 g5 51.Be4+ Ke5 52.Bd5 Rd2 53.Bg8 Rd4 54.Rh1 Rf4+ 55.Kg3 Kd6 56.Rd1+ Bd4
57.Bd5 Be5 58.Bf3+ Ke7 59.Kg2 Rxc4 60.Rd2 Rc3 61.Ra2 c4 62.Ra6 Rd3 63.Rc6 c3
64.Be4 Re3 65.Bf5 Bd4 66.Bh7 Kd7 67.Rc4 Be5 68.Kf2 Bf4 69.Bc2 Kd6 70.Re4 Rh3
71.Kf1 Rh2 72.Bd3 Be5 73.Re2 Rxe2 74.Kxe2 g4 75.Be4 Bd4 76.Bf5 g3 77.Bh3 Ke5
78.Kd3 Kf4 79.Bg2 Be5 80.Ke2 Bd4 81.Kd3 Bf6 82.Ke2 Ke5 83.Kd3 Kd6 84.Bh3 Kc5
85.Bf1 Kb4 86.Kc2 Be5 87.Bh3 Kc4 88.Bg2 Kd4 89.Kd1 Ke3 90.Bh3 Kf2  0-1

[Event "Oslo Int Open 2013"]
[Site "Oslo NOR"]
[Date "2013.09.29"]
[Round "6"]
[White "Narciso Dublan,M"]
[Black "Bok,B"]
[Result "1/2-1/2"]
[WhiteElo "2509"]
[BlackElo "2520"]

1.d4 Nf6 2.c4 g6 3.Nc3 d5 4.cxd5 Nxd5 5.e4 Nxc3 6.bxc3 Bg7 7.Qa4+ Qd7 8.Qa3 O-O
9.Nf3 b6 10.Be3 Bb7 11.Bd3 c5 12.O-O e6 13.Rad1 cxd4 14.cxd4 Nc6 15.Bb5 a6
16.Ba4 Qe7 17.Qxe7 Nxe7 18.Bc2 Rac8 19.Bb1 h6 20.Ne5 Rfd8 21.Rc1 Nc6 22.Nxc6 Rxc6
23.Rxc6 Bxc6 24.Rd1 Ba4 25.Rd3 Bb5 26.Rd1 Bc4 27.Bd3 Bxa2 28.Bxa6 Bb3 29.Rb1 Bc2
30.Rxb6 Bxe4 31.f3 Bd5 32.Rb2 Ra8 33.Be2 g5 34.Rd2 Ra4 35.Kf1 f5 36.h3 Kf7
37.Rd1 Bf6 38.Bf2 h5 39.Be3 Ra3 40.Bf2 Ra4 41.Be3 Ra3 42.Bf2 Be7 43.Rc1 Bd6
44.Bc4 Bf4 45.Rc2 Ra1+ 46.Ke2 Bxc4+ 47.Rxc4 Ra2+ 48.Kf1 h4 49.Be1 Ra1 50.Ke2 Bg3
51.Bxg3 hxg3 52.Rc2 Ke7 53.Kd3 Kd6 54.Re2 Ra3+ 55.Kc4 Ra4+ 56.Kd3 Ra5 57.Kc4 Ra1
58.Kd3 Rd1+ 59.Kc4 Ke7 60.Kc3 Kf6 61.Rd2 Rc1+ 62.Kd3 Rc6 63.Ra2 Rd6 64.Kc4 Rc6+
65.Kd3 Rc1 66.Re2 Ra1 67.Kc4 Ra4+ 68.Kd3 Ra6 69.Kc4 Rd6 70.Kc3 Ke7 71.Ra2 Kf7
72.Re2 Rc6+ 73.Kd3 Kf6 74.Ra2 Rd6 75.Re2 Ra6 76.Kc4 Ra4+ 77.Kd3 Ra5 78.Kc4 Ke7
79.Rb2 Ra4+ 80.Kd3 Ra3+ 81.Kc4 Re3 82.d5 exd5+ 83.Kxd5 Kf6 84.Kd4 Re6 85.Kd3 Ra6
86.Ke3 Ra3+ 87.Ke2 Ra5 88.Rb6+ Ke5 89.Rb2 Ra4 90.Rb5+ Kf4 91.Rb2 Ra6 92.Rb4+ Ke5
93.Rb5+ Kf6 94.Rb2  1/2-1/2

[Event "23rd EYCC Open U16 2013"]
[Site "Budva MNE"]
[Date "2013.09.30"]
[Round "2.11"]
[White "Bellahcene,B"]
[Black "Takacs,Las"]
[Result "0-1"]
[WhiteElo "2319"]
[BlackElo "2130"]

1.d4 Nf6 2.c4 g6 3.Nc3 d5 4.cxd5 Nxd5 5.e4 Nxc3 6.bxc3 Bg7 7.Nf3 O-O 8.Be2 c5
9.Rb1 Nc6 10.d5 Ne5 11.Nxe5 Bxe5 12.Qd2 Qa5 13.Rb3 Rd8 14.O-O Bg7 15.Rd1 Qc7
16.Qf4 Be5 17.Qh4 Bd7 18.f4 Bf6 19.Qf2 Ba4 20.e5 Bxb3 21.axb3 Bg7 22.Be3 Rac8
23.c4 b6 24.h4 a5 25.h5 Ra8 26.hxg6 hxg6 27.Qg3 a4 28.bxa4 Rxa4 29.e6 Ra3
30.Bd3 Qd6 31.Kh1 Rda8 32.Bc1 Ra1 33.Be4 R8a3 34.Qg4 Rc3 35.Bxg6 fxe6 36.Bb2 Rxd1+
37.Qxd1 Rxc4 38.Qh5 Rd4 39.Bxd4 cxd4 40.Bf7+ Kf8 41.dxe6 Qxf4 42.Qd5 Qh4+
43.Kg1 Qe1+ 44.Kh2 Be5+  0-1

[Event "23rd EYCC Open U16 2013"]
[Site "Budva MNE"]
[Date "2013.10.01"]
[Round "3.7"]
[White "Harutyunian,T"]
[Black "Naoum,S"]
[Result "1-0"]
[WhiteElo "2334"]
[BlackElo "2203"]

1.d4 Nf6 2.c4 g6 3.Nc3 d5 4.cxd5 Nxd5 5.e4 Nxc3 6.bxc3 Bg7 7.Nf3 c5 8.Be3 Nc6
9.Rc1 cxd4 10.cxd4 O-O 11.d5 Ne5 12.Nxe5 Bxe5 13.Be2 Qa5+ 14.Qd2 Qxd2+ 15.Kxd2 Bd7
16.f4 Bd6 17.Rb1 a5 18.Bd3 Bb4+ 19.Ke2 Rfc8 20.Bd4 b5 21.Rhc1 e6 22.Be5 exd5
23.exd5 Kf8 24.Kf3 Ke7 25.g4 f6 26.Bd4 Rab8 27.h4 Kf7 28.g5 fxg5 29.hxg5 Kg8
30.Be5 Ra8 31.Rh1 Rc5 32.Rxh7 Kxh7 33.Rh1+ Kg8 34.Rh8+ Kf7 35.Rh7+ Ke8 36.Bxg6+ Kd8
37.Rh8+ Ke7 38.Rxa8 Rxd5 39.Be4 Rd1 40.g6 Rg1 41.f5 Rf1+ 42.Kg3 Be1+ 43.Kh2 Bxf5
44.Bxf5 Rxf5 45.g7 Rh5+ 46.Kg2 Rg5+ 47.Kf3 Kf7 48.Rf8+ Ke6 49.g8=Q+ Rxg8
50.Rxg8 Kxe5 51.Re8+ Kd4 52.Rxe1 b4 53.Re3 a4 54.Ke2 b3 55.axb3 a3 56.Kd2 a2
57.Re1  1-0

[Event "Grand Open Blagoevgrad 2013"]
[Site "Blagoevgrad BUL"]
[Date "2013.10.03"]
[Round "8.26"]
[White "Konstantinidis,L"]
[Black "Tetimov,I"]
[Result "0-1"]
[WhiteElo "1857"]
[BlackElo "2066"]

1.d4 Nf6 2.c4 g6 3.Nc3 d5 4.cxd5 Nxd5 5.e4 Nxc3 6.bxc3 Bg7 7.Bc4 O-O 8.Ne2 c5
9.O-O Nc6 10.Be3 Bg4 11.f3 Na5 12.Bd3 cxd4 13.cxd4 Be6 14.d5 Bxa1 15.Qxa1 f6
16.Bh6 Re8 17.Rb1 Rc8 18.Qd4 Bf7 19.Rb5 a6 20.Rb6 Nc4 21.Rxb7 Ne5 22.Bd2 Nxd3
23.Qxd3 Rb8 24.Rxb8 Qxb8 25.Nd4 Qb2 26.Nc6 a5 27.Bc3 Qxa2 28.d6 exd6 29.Bxf6 Qe6
30.Qd4 Qc4 31.Qxd6 Qe6 32.Ne7+ Rxe7 33.Qxe7 Qb6+ 34.Kf1 Bc4+ 35.Ke1 Qe3+  0-1

[Event "Lichtenrader Herbst 2013"]
[Site "Berlin GER"]
[Date "2013.10.04"]
[Round "7.2"]
[White "Chatalbashev,B"]
[Black "Gutman,L"]
[Result "1/2-1/2"]
[WhiteElo "2537"]
[BlackElo "2432"]

1.d4 Nf6 2.c4 g6 3.Nc3 d5 4.cxd5 Nxd5 5.e4 Nxc3 6.bxc3 Bg7 7.Bg5 c5 8.Rc1 Qa5
9.Qd2 Nd7 10.Nf3 b6 11.Bd3 Ba6 12.O-O Rc8 13.d5 h6 14.Bh4 Bxd3 15.Qxd3 c4
16.Qe2 Nc5 17.Qxc4 Qa4 18.Qe2 g5 19.Nd4 Bxd4 20.cxd4 Qxd4 21.Rfd1 Qa4 22.Bg3 O-O
23.f3 Nb7 24.h4 f6 25.f4 Rxc1 26.Rxc1 Qa3 27.Qe1 Nc5 28.Rc3 Qb4 29.hxg5 hxg5
30.fxg5 Nxe4 31.Re3 Qd4 32.gxf6 Rxf6 33.Be5  1/2-1/2

[Event "Tatry Open 2013"]
[Site "Tatranske Zruby SVK"]
[Date "2013.10.04"]
[Round "7.19"]
[White "Matras,On"]
[Black "Svonavec,S"]
[Result "1-0"]
[WhiteElo "2261"]
[BlackElo "2020"]

1.d4 Nf6 2.c4 g6 3.Nc3 d5 4.cxd5 Nxd5 5.e4 Nxc3 6.bxc3 Bg7 7.Bc4 c5 8.Ne2 O-O
9.O-O cxd4 10.cxd4 Nc6 11.Be3 Na5 12.Bd3 b6 13.Rc1 Bb7 14.Qd2 Qd7 15.Bh6 Rac8
16.Bxg7 Kxg7 17.f3 Rxc1 18.Rxc1 Rc8 19.d5 e6 20.Qb2+ Kg8 21.Rxc8+ Qxc8 22.dxe6 Qxe6
23.h4 Qd6 24.Qc3 Qc5+ 25.Qxc5 bxc5 26.Kf2 f6 27.Ke3 Kf7 28.Nc3 Bc6 29.Bb5 Bb7
30.Na4 h6 31.Nxc5 Bc8 32.Kd4 Ke7 33.Nb3 Nxb3+ 34.axb3 g5 35.hxg5 hxg5 36.Kc5 Bb7
37.Bc6 Ba6 38.g3 Bd3 39.b4 Ke6 40.f4 gxf4 41.gxf4 Bc2 42.Bb7 Kd7 43.Bd5 Bd3
44.Kd4 Be2 45.Kc5 Kc7 46.Bc4 Bh5 47.Kb5 Kb7 48.Bd5+ Kc7 49.Ka6 Kb8 50.e5 fxe5
51.fxe5 Be2+ 52.b5 Bh5 53.e6 Be8 54.Bc6  1-0

[Event "ch-Novoyavorivsk Chess Club 2013"]
[Site "Novoyavorivsk UKR"]
[Date "2013.10.05"]
[Round "4.5"]
[White "Omelja,A"]
[Black "Kruglyakov,P"]
[Result "1/2-1/2"]
[WhiteElo "2253"]
[BlackElo "2369"]

1.d4 Nf6 2.c4 g6 3.Nc3 d5 4.cxd5 Nxd5 5.e4 Nxc3 6.bxc3 Bg7 7.Bc4 c5 8.Ne2 Nc6
9.Be3 O-O 10.O-O Qc7 11.Rc1 b6 12.Qd2 Bb7 13.Bh6 Rad8 14.Bxg7 Kxg7 15.Qe3 e5
16.Bb5 Na5 17.d5 c4 18.f4 f6 19.Rf2 Bc8 20.Rcf1 Nb7 21.Ng3 Nd6 22.fxe5 fxe5
23.Nh5+ Kg8 24.Rxf8+ Rxf8 25.Rxf8+ Kxf8 26.Qh6+ Ke7 27.Qg7+ Nf7 28.Be8 Kxe8
29.Nf6+ Ke7 30.Ng8+ Ke8 31.Nf6+ Ke7 32.Ng8+  1/2-1/2